Country Names Containing ‘R’ and ‘M’ - Statistics

General Stats
  • This quiz has been taken 176 times
  • The average score is 16 of 24
Answer Stats
Hint Answer % Correct
21 Romania
88%
18 Mauritania
87%
17 Mauritius
85%
5 Armenia
82%
9 Dominican Republic
72%
22 United Arab Emirates
72%
1 Federated States ofMicronesia
71%
14 Myanmar
70%
8 Democratic Republicof the Congo
68%
11 Montenegro
68%
10 Germany
67%
3 Marshall Islands
67%
15 Morocco
67%
16 Madagascar
62%
20 San Marino
61%
2 Suriname
61%
6 Cameroon
60%
19 North Macedonia
60%
23 Turkmenistan
60%
7 Comoros
59%
12 Luxembourg
51%
4 Denmark
48%
13 East Timor
39%
24 São Tomé and Príncipe
39%
No matching quizzes found
Score Distribution
Percent of People with Each Score
Percentile by Number Answered
Your Score History
You have not taken this quiz